Emergence Of Coimbatore Working Class Movement: (Record no. 186533)

MARC details
000 -LEADER
fixed length control field 00617nam a22001817a 4500
005 - DATE AND TIME OF LATEST TRANSACTION
control field 20220308152059.0
010 ## - LCCN (DPL NO)
LC control number ENG-131886
020 ## - INTERNATIONAL STANDARD BOOK NUMBER
International Standard Book Number 978-93-88126-98-4
Terms of availability 150.00
035 ## - SYSTEM CONTROL NUMBER
System control number EN-115418
037 ## - SOURCE OF ACQUISITION
Source of stock number/acquisition DBAD/PUB
082 ## - DEWEY DECIMAL CLASSIFICATION NUMBER
Classification number 331.88095431
Item number 1
100 ## - MAIN ENTRY--PERSONAL NAME
Personal name Xavier,V.C.Francis
245 ## - TITLE STATEMENT
Title Emergence Of Coimbatore Working Class Movement:
Remainder of title 1880-1947
260 ## - PUBLICATION, DISTRIBUTION, ETC. (IMPRINT)
Name of publisher, distributor, etc Indian Universities Press
Place of publication, distribution, etc Chennai
Date of publication, distribution, etc 2019
270 ## - ADDRESS
Address Imprint Of Bharathi puthakalayam 7,Elango Salai,Teynampet
City Chennai
Electronic mail address thamizhbooks@gmail.com
Postal code 600018
300 ## - PHYSICAL DESCRIPTION
Extent 144p.
Dimensions 22cm(pbk)
942 ## - ADDED ENTRY ELEMENTS (KOHA)
Source of classification or shelving scheme Dewey Decimal Classification
Item type English Books
Classification part 331.88095431
Call number suffix XAV
Holdings
Withdrawn status Lost status Not for loan Collection code Home library Current library Date acquired Source of acquisition Cost, normal purchase price Full call number Barcode Copy number Cost, replacement price Koha item type
      Non-fiction Bawana Bawana 08/03/2022 DBAD/PUB 150.00 331.88095431 XAV EN-115418 1 150.00 English Books

© Delhi Public Library
Hit Counter
free hit counter